الأرمن بين الكنيسة والسياسة والاقتصاد / (Record no. 529411)
[ view plain ]
| 000 -LEADER | |
|---|---|
| fixed length control field | 00671nam a2200229 a 4500 |
| 001 - CONTROL NUMBER | |
| control field | 1939842 |
| 003 - CONTROL NUMBER IDENTIFIER | |
| control field | AM-YEHGA |
| 005 - DATE AND TIME OF LATEST TRANSACTION | |
| control field | 20250618080132.0 |
| 008 - FIXED-LENGTH DATA ELEMENTS--GENERAL INFORMATION | |
| fixed length control field | 240126s2012 sy |||||||||||||||||ara|d |
| 040 ## - CATALOGING SOURCE | |
| Original cataloging agency | AM-YeHGA |
| 041 0# - LANGUAGE CODE | |
| Language code of text/sound track or separate title | ara |
| 090 ## - LOCALLY ASSIGNED LC-TYPE CALL NUMBER (OCLC); LOCAL CALL NUMBER (RLIN) | |
| -- | 567837 |
| 100 0# - MAIN ENTRY--PERSONAL NAME | |
| Personal name | Saleh Zahreddine |
| 245 10 - TITLE STATEMENT | |
| Title | الأرمن بين الكنيسة والسياسة والاقتصاد / |
| Statement of responsibility, etc. | الدكتور صالح زهر الدين. |
| 246 13 - VARYING FORM OF TITLE | |
| Title proper/short title | Armenians between church, politics and economics |
| 260 ## - PUBLICATION, DISTRIBUTION, ETC. | |
| Place of publication, distribution, etc. | [Beirut] : |
| Name of publisher, distributor, etc. | S. n., |
| Date of publication, distribution, etc. | [2012]. |
| 300 ## - PHYSICAL DESCRIPTION | |
| Extent | [255] p. |
| 546 ## - LANGUAGE NOTE | |
| Language note | Text in Armenian |
| 650 14 - SUBJECT ADDED ENTRY--TOPICAL TERM | |
| Topical term or geographic name entry element | Armenians |
| 650 14 - SUBJECT ADDED ENTRY--TOPICAL TERM | |
| Topical term or geographic name entry element | History |
| Geographic subdivision | Armenia |
| 9 (RLIN) | 4954 |
| 942 ## - ADDED ENTRY ELEMENTS (KOHA) | |
| Source of classification or shelving scheme | Universal Decimal Classification |
| Koha item type | Գրքեր / Books |
| Withdrawn status | Lost status | Damaged status | Not for loan | Collection | Home library | Current library | Date acquired | Total checkouts | Full call number | Barcode | Date last seen | Price effective from | Koha item type | Public note |
|---|---|---|---|---|---|---|---|---|---|---|---|---|---|---|
| General | Fundamental Scientific Library | Fundamental Scientific Library | 29/01/2024 | И II/117992 | FL0681660 | 29/01/2024 | 29/01/2024 | Գրքեր / Books | 30 Days Loan |
ՀՀ Գիտությունների ազգային ակադեմիայի հիմնարար գիտական գրադարան = Fundamental Scientific Library of NAS RA
All site content, except where otherwise noted, is licensed under a